000 00510nam a22001697a 4500
999 _c60550
_d60550
005 20230822120020.0
008 230822s2000 gw ||||| |||| 00| 0 ger d
020 _a 3805326920
041 _ager
080 _a902/904 G-17
100 _aGanzert, Joachim
_919691
245 _aIm Allerheiligsten des Augustusforums:
_bFokus "Oikoumenischer Akkulturation" /
_c Joachim Ganzert.
264 _aMainz,
_c2000.
300 _a122 p. :
_bill.;
_c30 cm.
653 _aარქეოლოგია
942 _2udc
_cBK